=LDR 00000nam 2200000 4500 =001 INLIS000000000001729 =005 20130612090126 =008 ***********************************Ind** =035 ##$$a0010-061300000001729 =041 ##$$a Ind =082 ##$$a 510.76 =090 ##$$a 510.76, Dow m =100 ##$$a Dowling, Edward T =245 ##$$a Matematika untuk ekonomi, teori dan soal-soal, Edward T. Dowling, Ph.D =260 ##$$a 1994 $b Jakarta =300 ##$$a x, 407 hlm., ilus, 23 cm =650 ##$$a Matematika-ujian, soal-soal =850 ##$$a NBPNMAT =990 ##$$a 0001/BPAP-NTB/20142014 =990 ##$$a 07030703 =990 ##$$a 67.977/Pro-94-95 =990 ##$$a 67.975/Pro.4 =990 ##$$a 0001/BPAP-NTB/20142014